Click to translate - Proto-Germanic - Statistics

General Stats
  • This quiz has been taken 122 times
  • The average score is 19 of 25
Answer Stats
Hint Answer % Correct
*mōdēr mother
96%
*namô name
96%
*swimmaną swim
93%
*wīz we
93%
*fōts foot
91%
*blōmô flower
90%
*fimf five
88%
*hertô heart
88%
*þū you
88%
*hundaz dog
87%
*hurną horn
87%
*hwō how
87%
*ne not
84%
*regną rain
84%
*kaldaz cold
83%
*ajją egg
75%
*mari sea
75%
*gelwaz yellow
75%
*fōr fire
55%
*barną child
54%
*fuglaz bird
49%
*raukiz smoke
45%
*daudijaną kill
42%
*wegaz road
41%
*aganą fear
36%
No matching quizzes found
Score Distribution
Percent of People with Each Score
Percentile by Number Answered
Your Score History
You have not taken this quiz